000 00661nam a22002297a 4500
003 UA-OsUOA
001 98544
007 ta
008 20130416b un ||||| |||| 00| 0 ukr d
100 _aПолянская И.
090 _a821.161.1
_bП54
942 _cBK
040 _aUA-OsUOA
_brus
_cUA-OsUOA
_dUA-OsUOA
245 _aПредлагаемые обстоятельства
_bповести и рассказы
300 _a264 с.
955 _a2
041 _arus
080 _a821.161.1
260 _aМ.
_bМолодая гвардия
_c1988
650 7 _a82 Література. Літературознавство
_2UDC
999 _c384450
_d384450